[Event "TUR Cup"]
[Site "Ankara"]
[Date "2021.12.11"]
[Round "5"]
[White "Altay, Servet Hakan"]
[Black "Alkan, Ferman"]
[Result "1-0"]
[WhiteElo "1653"]
[BlackElo "1881"]
[PlyCount "67"]
[EventDate "2021.12.08"]
[EventType "swiss"]
[EventRounds "9"]
[EventCountry "TUR"]
[SourceTitle "CBM 205 Extra"]
[Source "ChessBase"]
[SourceDate "2022.01.31"]
[SourceVersion "1"]
[SourceVersionDate "2022.01.31"]
[SourceQuality "1"]

1. e4 Nf6 2. e5 Nd5 3. c4 Nb6 4. d4 d6 5. f4 dxe5 6. fxe5 Nc6 7. Nf3 Bg4 8. Be3 e6 9. Nc3 Bb4 10. a3 Be7 11. Be2 0-0 12. 0-0 f6 13. d5 exd5 14. Bxb6 axb6 15. exf6 Bxf6 16. cxd5 Ne7 17. Qb3 Kh8 18. Rad1 Nf5 19. Rd2 Qe7 20. Nd1 Rae8 21. Bb5 Qc5+ 22. Kh1 c6 23. Be2 b5 24. Qc2 Qb6 25. Qb3 Ne3 26. Nxe3 Rxe3 27. Qb4 Rfe8 28. Qxg4 Rxe2 29. Rxe2 Rxe2 30. Ne5 h6 31. Qxe2 cxd5 32. Nd7 Qd6 33. Qe8+ Kh7 34. Nxf6+ 1-0

[Event "TUR-chT 2nd League"]
[Site "Konya"]
[Date "2019.07.26"]
[Round "7.9"]
[White "Acar, Kaan"]
[Black "Alkan, Ferman"]
[Result "0-1"]
[WhiteElo "1654"]
[BlackElo "1898"]
[PlyCount "86"]
[EventDate "2019.07.22"]
[EventType "team-swiss"]
[EventRounds "9"]
[EventCountry "TUR"]
[SourceTitle "CBM 191 Extra"]
[Source "ChessBase"]
[SourceDate "2019.09.30"]
[SourceVersion "1"]
[SourceVersionDate "2019.09.30"]
[SourceQuality "1"]
[WhiteTeam "Karaman Masterler"]
[BlackTeam "Gaziantep Sader"]
[WhiteTeamCountry "TUR"]
[BlackTeamCountry "TUR"]

1. e4 Nf6 2. Nc3 d5 3. exd5 Nxd5 4. d4 Nc6 5. Nf3 Bg4 6. Be2 e6 7. 0-0 Be7 8. h3 Bh5 9. Re1 0-0 10. Nxd5 Qxd5 11. c3 Rad8 12. Bf4 Bd6 13. Qd2 Rfe8 14. b3 Bxf4 15. Qxf4 Qa5 16. b4 Qa3 17. Qe3 Ne7 18. Bc4 Nf5 19. Qd2 Bxf3 20. gxf3 a5 21. Rab1 axb4 22. Rxb4 c5 23. Rb3 Qa5 24. d5 Nd4 25. Qd1 Nxb3 26. Bxb3 exd5 27. Rxe8+ Rxe8 28. Qxd5 Qc7 29. a4 Re5 30. Qd2 Qe7 31. Kf1 g6 32. f4 Re4 33. Bc2 Re6 34. f5 Rd6 35. Qf4 Qf6 36. Qe3 c4 37. h4 Qxh4 38. fxg6 Qh1+ 39. Ke2 Re6 40. gxf7+ Kxf7 41. Kd2 Rxe3 42. fxe3 Qg2+ 43. Kc1 h5 0-1

[Event "TUR-chT 2nd League"]
[Site "Konya"]
[Date "2018.07.17"]
[Round "3.7"]
[White "Ozsakallioglu, Okan"]
[Black "Alkan, Ferman"]
[Result "1-0"]
[WhiteElo "1897"]
[BlackElo "1830"]
[PlyCount "82"]
[EventDate "2018.07.16"]
[EventType "team-swiss"]
[EventRounds "9"]
[EventCountry "TUR"]
[SourceTitle "EXT 2019"]
[Source "ChessBase"]
[SourceDate "2018.10.10"]
[SourceVersion "1"]
[SourceVersionDate "2018.10.10"]
[SourceQuality "1"]
[WhiteTeam "Koroglu Dernegi"]
[BlackTeam "Gaziantep Sader"]
[WhiteTeamCountry "TUR"]
[BlackTeamCountry "TUR"]

1. d4 d5 2. Nf3 Nf6 3. c4 c6 4. g3 Bf5 5. Bg2 e6 6. Nc3 Nbd7 7. 0-0 Bd6 8. b3 0-0 9. Bb2 Re8 10. Re1 Ne4 11. Nd2 Nxc3 12. Bxc3 Nf6 13. e4 dxe4 14. Nxe4 Be7 15. Nc5 Qc7 16. b4 a6 17. a4 b6 18. Nb3 Rad8 19. Qe2 Rc8 20. h3 Qd7 21. Red1 Red8 22. Kh2 Qe8 23. a5 b5 24. Nc5 Bxc5 25. dxc5 Qe7 26. cxb5 axb5 27. Rxd8+ Qxd8 28. Rd1 Nd5 29. Bxd5 cxd5 30. Qxb5 Qg5 31. Qe2 Qh6 32. g4 Qf4+ 33. Kg2 Qg5 34. f3 h5 35. a6 hxg4 36. hxg4 Bg6 37. Ra1 Qf4 38. a7 d4 39. Bd2 Qf6 40. a8Q Rxa8 41. Rxa8+ Kh7 1-0

[Event "TUR-chT 2nd League"]
[Site "Konya"]
[Date "2017.07.18"]
[Round "3.14"]
[White "Bekiragaoglu, Umut"]
[Black "Alkan, Ferman"]
[Result "1/2-1/2"]
[WhiteElo "1802"]
[BlackElo "1736"]
[PlyCount "103"]
[EventDate "2017.07.17"]
[EventType "team-swiss"]
[EventRounds "9"]
[EventCountry "TUR"]
[SourceTitle "CBM 179 Extra"]
[Source "ChessBase"]
[SourceDate "2017.08.23"]
[SourceVersion "1"]
[SourceVersionDate "2017.08.23"]
[SourceQuality "1"]
[WhiteTeam "Antalya Calli"]
[BlackTeam "Altin Hamle Corum"]
[WhiteTeamCountry "TUR"]
[BlackTeamCountry "TUR"]

1. e4 c6 2. c4 d5 3. cxd5 cxd5 4. exd5 Nf6 5. d4 Nxd5 6. Nc3 Nc6 7. Nf3 Bg4 8. Be2 e6 9. 0-0 Be7 10. h3 Bh5 11. Qb3 Nb6 12. Be3 0-0 13. Rfd1 Nb4 14. Bf4 N4d5 15. Bh2 Bd6 16. Bxd6 Qxd6 17. Ne4 Qe7 18. Ng3 Bg6 19. Ne5 Rac8 20. Rac1 Rfd8 21. Nxg6 hxg6 22. Bf3 Nf6 23. Rxc8 Rxc8 24. Ne4 Nxe4 25. Bxe4 Rd8 26. Qf3 Nd5 27. Rc1 b6 28. a3 a5 29. Rc6 Qg5 30. Bxd5 Rxd5 31. Rc8+ Rd8 32. Rxd8+ Qxd8 33. Qc3 Qd5 34. b4 a4 35. Kh2 Qb3 36. Qc1 Kh7 37. Qf4 f6 38. Qc1 b5 39. Kg1 Qd3 40. Qe3 Qd1+ 41. Kh2 Qb3 42. Qc1 Qc4 43. Qe3 Kg8 44. Qe4 Kh7 45. Qh4+ Kg8 46. Qe4 Kh7 47. Qh4+ Kg8 48. Qe4 g5 49. Qa8+ Kh7 50. Qe4+ Kg8 51. Qa8+ Kh7 52. Qe4+ 1/2-1/2

[Event "TUR-chT 2nd League"]
[Site "Konya"]
[Date "2017.07.17"]
[Round "1.9"]
[White "Babaoglu, Cumhur"]
[Black "Alkan, Ferman"]
[Result "1-0"]
[WhiteElo "2113"]
[BlackElo "1736"]
[PlyCount "111"]
[EventDate "2017.07.17"]
[EventType "team-swiss"]
[EventRounds "9"]
[EventCountry "TUR"]
[SourceTitle "CBM 179 Extra"]
[Source "ChessBase"]
[SourceDate "2017.08.23"]
[SourceVersion "1"]
[SourceVersionDate "2017.08.23"]
[SourceQuality "1"]
[WhiteTeam "Kahramanmaras DSI "]
[BlackTeam "Altin Hamle Corum"]
[WhiteTeamCountry "TUR"]
[BlackTeamCountry "TUR"]

1. d4 Nf6 2. c4 g6 3. Nc3 Bg7 4. Bg5 d6 5. Qd2 0-0 6. h4 h5 7. Bh6 c6 8. Bxg7 Kxg7 9. 0-0-0 Qa5 10. e4 a6 11. Nh3 b5 12. Qg5 Qc7 13. e5 dxe5 14. dxe5 Bxh3 15. gxh3 Nh7 16. Qe3 b4 17. Na4 Nd7 18. f4 e6 19. Bg2 Rab8 20. Rd6 Rfc8 21. Rhd1 Qa5 22. b3 Nb6 23. Qc5 Qxc5 24. Nxc5 Ra8 25. Bxc6 Ra7 26. Na4 Nxa4 27. Bxa4 Rcc7 28. Kb2 Nf8 29. a3 a5 30. axb4 axb4 31. Rb6 Rab7 32. Rxb7 Rxb7 33. c5 Rc7 34. c6 Rc8 35. Rd4 g5 36. hxg5 Ng6 37. Rxb4 Ne7 38. Rc4 Nd5 39. Ka3 Kf8 40. Bb5 Ke7 41. b4 Kd8 42. Ba6 Ra8 43. b5 Kc7 44. Kb3 Kb6 45. c7 Nxc7 46. Rc6+ Ka5 47. Rxc7 Rd8 48. Rxf7 Rd3+ 49. Kc4 Rxh3 50. Bc8 Rf3 51. Bxe6 h4 52. Kc5 Rc3+ 53. Bc4 Rxc4+ 54. Kxc4 h3 55. Rh7 h2 56. Rxh2 1-0

[Event "Cesme op 4th"]
[Site "Cesme"]
[Date "2016.06.25"]
[Round "8"]
[White "Alkan, Ferman"]
[Black "Bekiragaoglu, Umut"]
[Result "0-1"]
[WhiteElo "1462"]
[BlackElo "1530"]
[PlyCount "114"]
[EventDate "2016.06.20"]
[EventType "swiss"]
[EventRounds "9"]
[EventCountry "TUR"]
[SourceTitle "CBM 173 Extra"]
[Source "ChessBase"]
[SourceDate "2016.08.29"]
[SourceVersion "1"]
[SourceVersionDate "2016.08.29"]
[SourceQuality "1"]

1. d4 Nf6 2. c4 e5 3. dxe5 Ng4 4. Bf4 g5 5. Bg3 Bg7 6. Nf3 Nc6 7. Nc3 Ngxe5 8. e3 h5 9. h4 g4 10. Nd4 d6 11. Be2 0-0 12. Rc1 Ng6 13. Nxc6 bxc6 14. Bd3 f5 15. Qc2 Qf6 16. b3 Bb7 17. c5 Rae8 18. Ne2 Bh6 19. 0-0 Nxh4 20. Bxh4 Qxh4 21. Ng3 f4 22. Bc4+ Kh8 23. Qg6 Qg5 24. Qxg5 Bxg5 25. exf4 Bxf4 26. Rce1 h4 27. Rxe8 Rxe8 28. Nf5 h3 29. g3 Bc8 30. Bd3 Be5 31. Re1 Be6 32. Nh4 Bd7 33. Bf5 Bxf5 34. Nxf5 Rf8 35. cxd6 cxd6 36. Ne3 Rg8 37. Nc4 Rg5 38. Rd1 d5 39. Na5 d4 40. Nxc6 Bf6 41. Nxa7 Kg7 42. Nc6 Rd5 43. a4 Kf7 44. a5 Rc5 45. Nb4 Rxa5 46. Nd3 Ke6 47. b4 Rb5 48. Rc1 Kd5 49. Kf1 Bg5 50. Rc2 Ke4 51. Nc5+ Kf3 52. Ne6 d3 53. Nxg5+ Rxg5 54. Rd2 Ke4 55. Rb2 Rd5 56. b5 d2 57. Rxd2 Rxd2 0-1